[Event "Catalan-ch U10/20"]
[Site "Tarragona"]
[Date "2022.04.13"]
[Round "7"]
[White "Martinez Perez, Sergio"]
[Black "Masague Artero, Guerau"]
[Result "0-1"]
[WhiteElo "1795"]
[BlackElo "2321"]
[PlyCount "108"]
[EventDate "2022.04.09"]
[EventType "swiss"]
[EventRounds "9"]
[EventCountry "ESP"]
[SourceTitle "EXT 2023"]
[Source "ChessBase"]
[SourceDate "2022.10.05"]
[SourceVersion "1"]
[SourceVersionDate "2022.10.05"]
[SourceQuality "1"]

1. e4 c5 2. Nf3 Nc6 3. d4 cxd4 4. Nxd4 Nf6 5. Nc3 e5 6. Ndb5 d6 7. Nd5 Nxd5 8. exd5 Nb8 9. a4 Be7 10. Bd2 0-0 11. Be2 a6 12. Na3 a5 13. 0-0 Nd7 14. Nb5 Nc5 15. c4 Bd7 16. b4 axb4 17. Bxb4 b6 18. Qc2 f5 19. Bxc5 bxc5 20. Ra3 e4 21. Rb1 Qa5 22. Qc1 Rab8 23. Qc3 Bd8 24. Qg3 f4 25. Qc3 Bf5 26. Rbb3 Qa6 27. a5 Rb7 28. Nxd6 Rxb3 29. Qxb3 Qxd6 30. a6 f3 31. Bf1 Bc7 32. g3 Rb8 33. Qa4 Ra8 34. a7 Bb6 35. Rb3 Bd7 36. Rxb6 Qxb6 37. Qxd7 Qxa7 38. Qe6+ Qf7 39. Qc6 Qf8 40. Qe6+ Qf7 41. Qc6 Ra1 42. Qc8+ Qf8 43. Qe6+ Kh8 44. Qxe4 h6 45. Qe6 Rd1 46. Qe3 Qf6 47. Qe8+ Kh7 48. Qe4+ g6 49. Qe3 Kg7 50. h4 Kf7 51. Qe4 Qf5 52. Qe3 g5 53. h5 g4 54. Qc3 Qxh5 0-1

[Event "Barbera del Valles op 41st"]
[Site "Barbera del Valles"]
[Date "2018.07.10"]
[Round "7"]
[White "Puglia, Francesco"]
[Black "Martinez Perez, Sergio"]
[Result "0-1"]
[WhiteElo "1865"]
[BlackElo "1786"]
[PlyCount "74"]
[EventDate "2018.07.04"]
[EventType "swiss"]
[EventRounds "9"]
[EventCountry "ESP"]
[SourceTitle "CBM 185 Extra"]
[Source "ChessBase"]
[SourceDate "2018.07.29"]
[SourceVersion "1"]
[SourceVersionDate "2018.07.29"]
[SourceQuality "1"]

1. e4 c5 2. Nf3 g6 3. d4 cxd4 4. Nxd4 Bg7 5. c4 Nc6 6. Be3 Nf6 7. Nc3 d6 8. Be2 0-0 9. Qd2 Bd7 10. 0-0 Nxd4 11. Bxd4 Bc6 12. Bd3 Nd7 13. Bxg7 Kxg7 14. Rfe1 Nc5 15. Bc2 Qb6 16. Re3 h5 17. Kh1 Rad8 18. f4 Qxb2 19. Rb1 Qa3 20. f5 e5 21. f6+ Kh7 22. Rh3 Ne6 23. Nd5 Qxa2 24. Qd1 Bxd5 25. exd5 Nf4 26. Rxh5+ Kg8 27. Rg5 Qxc4 28. Rxb7 Rc8 29. Rb2 Qxd5 30. Qb1 Qd2 31. h4 Ne6 32. Rg3 Qf4 33. Kh2 Qxh4+ 34. Rh3 Qf4+ 35. Rg3 Ng5 36. Bxg6 Qh4+ 37. Kg1 Qxg3 0-1

[Event "Barbera del Valles op 41st"]
[Site "Barbera del Valles"]
[Date "2018.07.08"]
[Round "5"]
[White "Menac Comas, Joan Ramon"]
[Black "Martinez Perez, Sergio"]
[Result "1-0"]
[WhiteElo "2044"]
[BlackElo "1786"]
[PlyCount "37"]
[EventDate "2018.07.04"]
[EventType "swiss"]
[EventRounds "9"]
[EventCountry "ESP"]
[SourceTitle "CBM 185 Extra"]
[Source "ChessBase"]
[SourceDate "2018.07.29"]
[SourceVersion "1"]
[SourceVersionDate "2018.07.29"]
[SourceQuality "1"]

1. e4 c5 2. Nf3 g6 3. d4 cxd4 4. Nxd4 Nf6 5. Nc3 d6 6. Be3 Bg7 7. f3 0-0 8. Qd2 Nc6 9. 0-0-0 Bd7 10. g4 Rc8 11. h4 h5 12. gxh5 Nxh5 13. Rg1 Ne5 14. Bh6 Qa5 15. Bxg7 Kxg7 16. Kb1 Nc4 17. Bxc4 Rxc4 18. Rg5 Rc5 19. Nb3 1-0

[Event "Roncana op 11th"]
[Site "Santa Eulalia de Roncana"]
[Date "2017.11.18"]
[Round "8"]
[White "Parra Ordorica, Gorka"]
[Black "Martinez Perez, Sergio"]
[Result "1-0"]
[WhiteElo "1561"]
[BlackElo "1919"]
[PlyCount "65"]
[EventDate "2017.09.23"]
[EventType "swiss"]
[EventRounds "8"]
[EventCountry "ESP"]
[SourceTitle "EXT 2022"]
[Source "ChessBase"]
[SourceDate "2021.10.06"]
[SourceVersion "1"]
[SourceVersionDate "2021.10.06"]
[SourceQuality "1"]

1. e4 c5 2. Nf3 g6 3. d4 cxd4 4. Nxd4 Bg7 5. Nc3 Nc6 6. Be3 Nf6 7. Be2 0-0 8. 0-0 d6 9. h3 Nd7 10. Qd2 Nb6 11. f4 Na5 12. b3 Bd7 13. Bf3 Rc8 14. Rac1 a6 15. Nce2 Nc6 16. c4 Qc7 17. g4 e5 18. Nc2 f5 19. Ng3 exf4 20. Bxf4 Ne5 21. Ne3 fxg4 22. Bxg4 h5 23. Bxd7 Qxd7 24. Kg2 Qc6 25. Qc2 Rxf4 26. Rxf4 Bh6 27. Nd5 Nxd5 28. exd5 Qc5 29. Rf6 Kg7 30. Rcf1 Qxd5+ 31. Qe4 Qd2+ 32. R1f2 Qd3 33. Qxb7+ 1-0

[Event "Roncana op 11th"]
[Site "Santa Eulalia de Roncana"]
[Date "2017.11.04"]
[Round "6"]
[White "Turon Mora, Joan"]
[Black "Martinez Perez, Sergio"]
[Result "1-0"]
[WhiteElo "1803"]
[BlackElo "1919"]
[PlyCount "63"]
[EventDate "2017.09.23"]
[EventType "swiss"]
[EventRounds "8"]
[EventCountry "ESP"]
[SourceTitle "CBM 187 Extra"]
[Source "ChessBase"]
[SourceDate "2018.11.04"]
[SourceVersion "1"]
[SourceVersionDate "2018.11.04"]
[SourceQuality "1"]

1. c4 e5 2. Nc3 Nc6 3. g3 Bc5 4. Bg2 d6 5. Nf3 Nf6 6. 0-0 0-0 7. h3 a6 8. e3 Ba7 9. d4 exd4 10. Nxd4 Ne5 11. b3 Rb8 12. Bb2 Bd7 13. Rc1 Re8 14. Qc2 Bxd4 15. exd4 Bf5 16. Qxf5 Ng6 17. Rfe1 Rxe1+ 18. Rxe1 Qd7 19. Qxd7 Nxd7 20. Nd5 c6 21. Ne7+ Nxe7 22. Rxe7 Rd8 23. f4 Kf8 24. Re2 Nf6 25. d5 c5 26. Bxf6 gxf6 27. a3 b5 28. Rc2 Rb8 29. Bf1 bxc4 30. Bxc4 a5 31. Kf2 Rd8 32. Kf3 1-0

[Event "Roncana op 11th"]
[Site "Santa Eulalia de Roncana"]
[Date "2017.10.28"]
[Round "5"]
[White "Martinez Perez, Sergio"]
[Black "Bernado Lopez, Roger"]
[Result "1-0"]
[WhiteElo "1919"]
[BlackElo "1686"]
[PlyCount "107"]
[EventDate "2017.09.23"]
[EventType "swiss"]
[EventRounds "8"]
[EventCountry "ESP"]
[SourceTitle "CBM 187 Extra"]
[Source "ChessBase"]
[SourceDate "2018.11.04"]
[SourceVersion "1"]
[SourceVersionDate "2018.11.04"]
[SourceQuality "1"]

1. e4 e6 2. d4 d5 3. Nc3 Nf6 4. e5 Nfd7 5. f4 c5 6. Nf3 Nc6 7. Be3 cxd4 8. Nxd4 Bc5 9. Qd2 0-0 10. Be2 a6 11. g4 Nxd4 12. Bxd4 b5 13. g5 Qb6 14. 0-0-0 Bb7 15. h4 Rac8 16. h5 Bxd4 17. Qxd4 Qxd4 18. Rxd4 Nb6 19. Rh3 Rc7 20. g6 hxg6 21. hxg6 fxg6 22. Bd3 g5 23. Bh7+ Kf7 24. fxg5 Nc4 25. Ne2 Nxe5 26. Rf4+ Ke8 27. Re3 g6 28. Rxe5 Rxh7 29. Rxf8+ Kxf8 30. Rxe6 Re7 31. Rf6+ Ke8 32. Nd4 Rg7 33. Ne6 Rh7 34. Rxg6 Rh1+ 35. Kd2 Rh2+ 36. Kd3 Kf7 37. Rf6+ Ke7 38. Nf4 Rh1 39. Rb6 Bc8 40. Nxd5+ Kd7 41. Ne3 Ke7 42. Rh6 Rg1 43. g6 Rg3 44. Kd4 Be6 45. Nd5+ Kd6 46. Nf6 Ke7 47. Ne4 Rg4 48. Ke5 Bc8 49. Rh7+ Kd8 50. g7 Be6 51. Nf6 Bg8 52. Nxg4 Bxh7 53. Nf6 Bg8 54. Nxg8 1-0

[Event "Roncana op 11th"]
[Site "Santa Eulalia de Roncana"]
[Date "2017.09.23"]
[Round "1"]
[White "Martinez Perez, Sergio"]
[Black "Ridao Gimeno, Oscar"]
[Result "1-0"]
[WhiteElo "1919"]
[BlackElo "1629"]
[PlyCount "87"]
[EventDate "2017.09.23"]
[EventType "swiss"]
[EventRounds "8"]
[EventCountry "ESP"]
[SourceTitle "CBM 187 Extra"]
[Source "ChessBase"]
[SourceDate "2018.11.04"]
[SourceVersion "1"]
[SourceVersionDate "2018.11.04"]
[SourceQuality "1"]

1. e4 c5 2. Nf3 Nc6 3. d4 cxd4 4. Nxd4 d6 5. Nc3 g6 6. Be3 Bg7 7. Qd2 a6 8. f3 Nf6 9. g4 Nd7 10. h4 Nde5 11. Be2 h6 12. Nd5 Bd7 13. Nxc6 bxc6 14. Bb6 Qc8 15. Nc7+ Kf8 16. Nxa8 Qxa8 17. Rg1 c5 18. f4 Nc6 19. Bxc5 dxc5 20. Qxd7 Nd4 21. Bd3 Nf3+ 22. Kf2 Nxg1 23. Kxg1 Bxb2 24. Rb1 Bd4+ 25. Kh2 Kg7 26. Rb7 Qe8 27. Qc7 Qd8 28. Qxe7 Qxe7 29. Rxe7 a5 30. Bc4 Rf8 31. e5 Kg8 32. f5 gxf5 33. gxf5 Kg7 34. f6+ Kg6 35. Kg3 Bc3 36. h5+ Kxh5 37. Bxf7+ Kg5 38. Bc4 h5 39. f7 Kg6 40. Re8 Kg7 41. e6 Be5+ 42. Kf3 Bd6 43. Ke4 Rh8 44. e7 1-0

[Event "Llinars del Valles op 11th"]
[Site "Llinars del Valles"]
[Date "2017.06.03"]
[Round "7"]
[White "Bertran Milia, Eduard"]
[Black "Martinez Perez, Sergio"]
[Result "1-0"]
[WhiteElo "1774"]
[BlackElo "1777"]
[PlyCount "49"]
[EventDate "2017.04.22"]
[EventType "swiss"]
[EventRounds "9"]
[EventCountry "CAT"]
[SourceTitle "EXT 2018"]
[Source "ChessBase"]
[SourceDate "2017.10.13"]
[SourceVersion "1"]
[SourceVersionDate "2017.10.13"]
[SourceQuality "1"]

1. e4 c5 2. Nf3 g6 3. d4 cxd4 4. Nxd4 Bg7 5. Nc3 Nc6 6. Be3 Nf6 7. f3 Qb6 8. Nf5 Qxb2 9. Nxg7+ Kf8 10. Na4 Qa3 11. c3 b6 12. Bh6 Kg8 13. Bc4 Na5 14. Bb3 b5 15. e5 bxa4 16. exf6 axb3 17. axb3 Qc5 18. Rxa5 Qxa5 19. fxe7 Qxc3+ 20. Qd2 Qe5+ 21. Qe2 Qc3+ 22. Kf2 Qc5+ 23. Qe3 Qc2+ 24. Kg3 Qc7+ 25. f4 1-0

[Event "Llinars del Valles op 11th"]
[Site "Llinars del Valles"]
[Date "2017.04.22"]
[Round "1"]
[White "Martinez Perez, Sergio"]
[Black "Herrera Reyes, Jose Antonio"]
[Result "1-0"]
[WhiteElo "1777"]
[BlackElo "2331"]
[PlyCount "87"]
[EventDate "2017.04.22"]
[EventType "swiss"]
[EventRounds "9"]
[EventCountry "CAT"]
[SourceTitle "EXT 2018"]
[Source "ChessBase"]
[SourceDate "2017.10.13"]
[SourceVersion "1"]
[SourceVersionDate "2017.10.13"]
[SourceQuality "1"]

1. e4 c5 2. Nf3 e6 3. d4 cxd4 4. Nxd4 a6 5. Bd3 Qc7 6. Qe2 d6 7. Be3 Nd7 8. Nd2 Ngf6 9. f4 Be7 10. 0-0-0 b5 11. g4 Nc5 12. g5 Nfd7 13. Kb1 Bb7 14. h4 Nb6 15. f5 e5 16. N4b3 Nba4 17. Rhf1 Nxb2 18. Nxc5 Nxd1 19. Rxd1 dxc5 20. Qf2 c4 21. Be2 Qa5 22. Bc5 Qc7 23. Be3 Ba3 24. Bb6 Qe7 25. c3 Bc6 26. f6 gxf6 27. gxf6 Qb7 28. Bc5 Bxc5 29. Qxc5 0-0-0 30. Ka1 Qc7 31. a4 Qd6 32. Qa7 Qa3+ 33. Kb1 Rxd2 34. Bg4+ Bd7 35. Qa8+ Kc7 36. Qa7+ Kc8 37. Qxa6+ Kc7 38. Qa7+ Kc8 39. Bxd7+ Rxd7 40. Qxd7+ Kb8 41. Qxb5+ Ka8 42. Qa5+ Kb8 43. Rd8+ Kb7 44. Rd7+ 1-0

[Event "Roncana op-A 10th"]
[Site "Santa Eulalia de Roncana"]
[Date "2016.10.01"]
[Round "2"]
[White "Maria Oproae, Alex Maria"]
[Black "Martinez Perez, Sergio"]
[Result "1/2-1/2"]
[WhiteElo "1553"]
[BlackElo "1746"]
[PlyCount "99"]
[EventDate "2016.09.24"]
[EventType "swiss"]
[EventRounds "8"]
[EventCountry "ESP"]
[SourceTitle "EXT 2018"]
[Source "ChessBase"]
[SourceDate "2017.10.13"]
[SourceVersion "1"]
[SourceVersionDate "2017.10.13"]
[SourceQuality "1"]

1. e4 c5 2. Nc3 d6 3. f4 Nf6 4. Nf3 g6 5. g3 Bg7 6. Bg2 Nc6 7. d3 Bd7 8. 0-0 0-0 9. Kh1 Rb8 10. a4 a6 11. Bd2 b5 12. axb5 axb5 13. Rb1 Qc7 14. Qe1 e6 15. e5 dxe5 16. Nxe5 Nxe5 17. Qxe5 Qxe5 18. fxe5 Ng4 19. Ne4 Nxe5 20. Nxc5 Rbc8 21. d4 Bc6 22. Rbc1 Bxg2+ 23. Kxg2 Nc4 24. Bg5 f6 25. b3 fxg5 26. bxc4 Rxf1 27. Rxf1 e5 28. cxb5 exd4 29. Ne6 Rxc2+ 30. Rf2 d3 31. b6 Rc6 32. Nxg7 Kxg7 33. Rd2 Rc2 34. Rxc2 dxc2 35. b7 c1Q 36. b8Q Qd2+ 37. Kg1 Kh6 38. Qf8+ Kh5 39. Qf3+ g4 40. Qf2 Qxf2+ 41. Kxf2 Kg5 42. Ke3 Kf5 43. Kd3 Ke5 44. Ke3 g5 45. Kd3 h5 46. Ke3 Kd5 47. Kd3 h4 48. Ke3 Ke5 49. Kd3 hxg3 50. hxg3 1/2-1/2

[Event "Sabadell op-B 9th"]
[Site "Sabadell"]
[Date "2016.09.04"]
[Round "4"]
[White "Campos Cayuelas, Adria"]
[Black "Martinez Perez, Sergio"]
[Result "1/2-1/2"]
[WhiteElo "2020"]
[BlackElo "1746"]
[PlyCount "47"]
[EventDate "2016.09.01"]
[EventType "swiss"]
[EventRounds "9"]
[EventCountry "ESP"]
[SourceTitle "CBM 174 Extra"]
[Source "ChessBase"]
[SourceDate "2016.10.10"]
[SourceVersion "1"]
[SourceVersionDate "2016.10.10"]
[SourceQuality "1"]

1. e4 c5 2. Nc3 d6 3. d4 cxd4 4. Qxd4 Nc6 5. Bb5 Bd7 6. Bxc6 Bxc6 7. Bg5 Nf6 8. f3 g6 9. Bxf6 exf6 10. 0-0-0 Qe7 11. Nd5 Bxd5 12. Qxd5 Rd8 13. Ne2 Bg7 14. Nd4 a6 15. h4 Rd7 16. h5 Qe5 17. hxg6 Qxd5 18. exd5 hxg6 19. Rde1+ Re7 20. Rxe7+ Kxe7 21. Re1+ Kd7 22. Kd2 b5 23. Kd3 Rh4 24. c3 1/2-1/2

[Event "Barbera del Valles op 39th"]
[Site "Barbera del Valles"]
[Date "2016.07.05"]
[Round "2"]
[White "Ros Alonso, Jaume"]
[Black "Martinez Perez, Sergio"]
[Result "1-0"]
[WhiteElo "2109"]
[BlackElo "1766"]
[PlyCount "81"]
[EventDate "2016.07.04"]
[EventType "swiss"]
[EventRounds "9"]
[EventCountry "ESP"]
[SourceTitle "EXT 2017"]
[Source "ChessBase"]
[SourceDate "2016.10.25"]
[SourceVersion "1"]
[SourceVersionDate "2016.10.25"]
[SourceQuality "1"]

1. e4 c5 2. Nf3 Nc6 3. d4 cxd4 4. Nxd4 g6 5. Nc3 Bg7 6. Nb3 Nf6 7. Be2 0-0 8. 0-0 a5 9. a4 Nb4 10. Bg5 h6 11. Bh4 g5 12. Bg3 d5 13. e5 Ne4 14. Nxe4 dxe4 15. Qc1 Qc7 16. c3 Nd5 17. e6 Nf4 18. exf7+ Rxf7 19. Qe3 Nxe2+ 20. Qxe2 Qb6 21. Nd4 Bxd4 22. cxd4 Qxd4 23. Rfd1 Qb4 24. Qh5 Qxb2 25. Qxh6 Bg4 26. Qxg5+ Rg7 27. Qd5+ e6 28. Qxe4 Bxd1 29. Qxe6+ Rf7 30. Rxd1 Qc2 31. Qg4+ Rg7 32. Qd4 Re8 33. h3 Re4 34. Qd5+ Rf7 35. Qg5+ Kh7 36. Qh5+ Kg7 37. Qg5+ Kh7 38. Qh5+ Kg7 39. Be5+ Kf8 40. Rd8+ Ke7 41. Qg5+ 1-0

[Event "Llinars del Valles op-A 10th"]
[Site "Llinars del Valles"]
[Date "2016.04.23"]
[Round "4"]
[White "Martin Perez, Pau"]
[Black "Martinez Perez, Sergio"]
[Result "1-0"]
[WhiteElo "1855"]
[BlackElo "1587"]
[PlyCount "61"]
[EventDate "2016.04.02"]
[EventType "swiss"]
[EventRounds "9"]
[EventCountry "ESP"]
[SourceTitle "CBM 172 Extra"]
[Source "ChessBase"]
[SourceDate "2016.06.21"]
[SourceVersion "1"]
[SourceVersionDate "2016.06.21"]
[SourceQuality "1"]

1. e4 c5 2. Nf3 e6 3. d3 Nc6 4. g3 g6 5. Bg2 Bg7 6. 0-0 Nge7 7. Qe2 e5 8. c3 d6 9. Rd1 0-0 10. Be3 h6 11. d4 cxd4 12. cxd4 Bg4 13. d5 Nb8 14. h3 Bxf3 15. Bxf3 f5 16. exf5 Nxf5 17. Nc3 Nd7 18. Rac1 a6 19. Ne4 Nf6 20. Nxf6+ Qxf6 21. Bg2 Nxe3 22. Qxe3 Rac8 23. h4 Qf5 24. Be4 Qg4 25. Qd3 g5 26. Bf5 Rxf5 27. Rxc8+ Bf8 28. Rc4 Qh3 29. hxg5 hxg5 30. Qe4 Qh5 31. g4 1-0

[Event "Llinars del Valles op-A 10th"]
[Site "Llinars del Valles"]
[Date "2016.04.16"]
[Round "3"]
[White "Martinez Perez, Sergio"]
[Black "Ribalta Bertran, Esteve"]
[Result "1-0"]
[WhiteElo "1587"]
[BlackElo "1779"]
[PlyCount "81"]
[EventDate "2016.04.02"]
[EventType "swiss"]
[EventRounds "9"]
[EventCountry "ESP"]
[SourceTitle "CBM 172 Extra"]
[Source "ChessBase"]
[SourceDate "2016.06.21"]
[SourceVersion "1"]
[SourceVersionDate "2016.06.21"]
[SourceQuality "1"]

1. e4 e6 2. d4 d5 3. Nc3 Bb4 4. e5 c5 5. a3 Bxc3+ 6. bxc3 Qc7 7. Nf3 Nc6 8. a4 Nge7 9. Ba3 cxd4 10. cxd4 0-0 11. Bd3 f6 12. 0-0 Rf7 13. Re1 Bd7 14. Bd6 Qd8 15. exf6 gxf6 16. h4 Kh8 17. h5 Qg8 18. c3 Qg4 19. Ne5 Nxe5 20. dxe5 Qxd1 21. Rexd1 f5 22. Rdb1 b6 23. a5 bxa5 24. Rxa5 Kg7 25. Bxe7 Rxe7 26. Rb7 Kf7 27. Raxa7 Rxa7 28. Rxa7 Bc6 29. Rxe7+ Kxe7 30. g4 Bd7 31. g5 Kf8 32. Kg2 Kg7 33. Kg3 Ba4 34. Ba6 Bd7 35. Kf4 Be8 36. Bc8 Bf7 37. Ke3 Kf8 38. g6 hxg6 39. hxg6 Bg8 40. Kf4 Kg7 41. Kg5 1-0

[Event "Llinars del Valles op-A 10th"]
[Site "Llinars del Valles"]
[Date "2016.04.02"]
[Round "1"]
[White "Martinez Perez, Sergio"]
[Black "Borges Ayats, Joaquim"]
[Result "1/2-1/2"]
[WhiteElo "1587"]
[BlackElo "1953"]
[PlyCount "89"]
[EventDate "2016.04.02"]
[EventType "swiss"]
[EventRounds "9"]
[EventCountry "ESP"]
[SourceTitle "CBM 172 Extra"]
[Source "ChessBase"]
[SourceDate "2016.06.21"]
[SourceVersion "1"]
[SourceVersionDate "2016.06.21"]
[SourceQuality "1"]

1. e4 c5 2. Nf3 e6 3. d4 cxd4 4. Nxd4 a6 5. Nc3 Qc7 6. f4 b5 7. Bd3 Bb7 8. a3 Nc6 9. Nxc6 Bxc6 10. Qe2 Bb7 11. Bd2 Nf6 12. 0-0-0 b4 13. axb4 Bxb4 14. Rhf1 d6 15. g4 Nd7 16. f5 e5 17. g5 Nc5 18. g6 f6 19. gxh7 Rxh7 20. Qg2 Nxd3+ 21. cxd3 0-0-0 22. Kb1 Qf7 23. Rc1 Kb8 24. Rc2 Rdh8 25. Rg1 Bxc3 26. Bxc3 d5 27. Ba5 Rxh2 28. Qxg7 Qxg7 29. Rxg7 Rxc2 30. Kxc2 dxe4 31. dxe4 Bxe4+ 32. Kd2 Rh2+ 33. Kc3 Rc2+ 34. Kb3 Rc6 35. Rg8+ Kb7 36. Rf8 Bxf5 37. Bc3 Bd3 38. Re8 Kc7 39. Bxe5+ fxe5 40. Rxe5 Kb6 41. Re3 Bc4+ 42. Kb4 Bf7 43. Rc3 a5+ 44. Ka3 Rf6 45. b4 1/2-1/2

[Event "Roncana op-A 9th"]
[Site "Santa Eulalia de Roncana"]
[Date "2015.12.05"]
[Round "8"]
[White "Sanz Ogaya, Mario"]
[Black "Martinez Perez, Sergio"]
[Result "1-0"]
[WhiteElo "2004"]
[BlackElo "1996"]
[PlyCount "51"]
[EventDate "2015.10.03"]
[EventType "swiss"]
[EventRounds "8"]
[EventCountry "ESP"]
[SourceTitle "EXT 2017"]
[Source "ChessBase"]
[SourceDate "2016.10.25"]
[SourceVersion "1"]
[SourceVersionDate "2016.10.25"]
[SourceQuality "1"]

1. c4 Nf6 2. Nc3 g6 3. e4 d6 4. d4 Bg7 5. Be2 0-0 6. Bg5 Nc6 7. d5 Nb8 8. f4 Nbd7 9. Nf3 Nc5 10. Nd2 c6 11. Rb1 a5 12. 0-0 Qc7 13. Kh1 Re8 14. a3 Nfd7 15. Qc2 e5 16. b4 Na6 17. f5 Bf6 18. Bxf6 Nxf6 19. fxg6 Qe7 20. gxf7+ Qxf7 21. Rf3 Rf8 22. dxc6 bxc6 23. b5 cxb5 24. cxb5 Nc5 25. Nd5 Ncd7 26. Bc4 1-0

[Event "Roncana op-A 9th"]
[Site "Santa Eulalia de Roncana"]
[Date "2015.11.21"]
[Round "7"]
[White "Martinez Perez, Sergio"]
[Black "Costa Trave, Jaume"]
[Result "0-1"]
[WhiteElo "1996"]
[BlackElo "2070"]
[PlyCount "56"]
[EventDate "2015.10.03"]
[EventType "swiss"]
[EventRounds "8"]
[EventCountry "ESP"]
[SourceTitle "EXT 2017"]
[Source "ChessBase"]
[SourceDate "2016.10.25"]
[SourceVersion "1"]
[SourceVersionDate "2016.10.25"]
[SourceQuality "1"]

1. e4 e6 2. d3 d5 3. Nd2 d4 4. Ngf3 c5 5. g3 Nc6 6. e5 Nge7 7. Bg2 Ng6 8. Qe2 Qc7 9. Nb3 Ncxe5 10. 0-0 Nc6 11. Ng5 h6 12. Ne4 b6 13. f4 Be7 14. Bd2 0-0 15. h4 f5 16. Qf3 Bb7 17. h5 Nh8 18. Bh3 Nd8 19. c3 c4 20. Nxd4 cxd3 21. Rfe1 fxe4 22. Rxe4 Bc5 23. Be3 Nhf7 24. Bxe6 Bxe4 25. Qxe4 Nxe6 26. Nxe6 Bxe3+ 27. Qxe3 Qd6 28. Rd1 Rfe8 0-1

[Event "Llinars del Valles op-A 9th"]
[Site "Llinars del Valles"]
[Date "2015.04.25"]
[Round "3"]
[White "Cordomi Fons, Francesco"]
[Black "Martinez Perez, Sergio"]
[Result "1-0"]
[WhiteElo "1870"]
[BlackElo "1505"]
[PlyCount "70"]
[EventDate "2015.04.11"]
[EventType "swiss"]
[EventRounds "9"]
[EventCountry "ESP"]
[SourceTitle "EXT 2016"]
[Source "ChessBase"]
[SourceDate "2015.10.08"]
[SourceVersion "1"]
[SourceVersionDate "2015.10.08"]
[SourceQuality "1"]

1. e4 c5 2. Nf3 Nc6 3. d4 cxd4 4. Nxd4 Nf6 5. Nc3 d6 6. Be2 g6 7. 0-0 Bg7 8. Be3 0-0 9. f4 Qb6 10. Na4 Qc7 11. Nb5 Qa5 12. Nac3 a6 13. Na3 b5 14. Bf3 Bb7 15. e5 dxe5 16. fxe5 Nxe5 17. Bxb7 Rab8 18. Bf3 b4 19. Qe1 bxa3 20. bxa3 Nxf3+ 21. Rxf3 Qxa3 22. Bd4 Qb4 23. Be5 Rbc8 24. Rb1 Qc5+ 25. Kh1 Nd7 26. Bxg7 Kxg7 27. Re3 e6 28. Rh3 Nf6 29. Qd2 Rb8 30. Qh6+ Kg8 31. Rf1 Nh5 32. g4 Qc6+ 33. Kg1 Qc5+ 34. Rf2 Nf6 35. Qf4 Kg7 1-0

[Event "Llinars del Valles op-A 9th"]
[Site "Llinars del Valles"]
[Date "2015.04.11"]
[Round "1"]
[White "Franch Guiral, Ramon"]
[Black "Martinez Perez, Sergio"]
[Result "1-0"]
[WhiteElo "1924"]
[BlackElo "1505"]
[PlyCount "91"]
[EventDate "2015.04.11"]
[EventType "swiss"]
[EventRounds "9"]
[EventCountry "ESP"]
[SourceTitle "EXT 2016"]
[Source "ChessBase"]
[SourceDate "2015.10.08"]
[SourceVersion "1"]
[SourceVersionDate "2015.10.08"]
[SourceQuality "1"]

1. e4 d6 2. Nc3 Nf6 3. d4 g6 4. f4 c6 5. Nf3 Qa5 6. Bd3 b5 7. 0-0 Bg7 8. e5 dxe5 9. fxe5 Nd5 10. Nxd5 cxd5 11. Qe2 0-0 12. Bxb5 a6 13. Bd3 Nc6 14. c3 Bd7 15. Nd2 Qb6 16. Kh1 Na5 17. b4 Nb7 18. Nb3 Bb5 19. Bg5 Rfe8 20. Bxb5 axb5 21. Qf3 Qe6 22. Rf2 f6 23. exf6 exf6 24. Bf4 Re7 25. Nc5 Nxc5 26. bxc5 h5 27. Bd6 Rea7 28. h3 Re8 29. Rb2 Ra5 30. Qd3 Qe4 31. Qf1 Ra3 32. Rb3 Rea8 33. Rxa3 Rxa3 34. Qc1 b4 35. cxb4 Qxd4 36. c6 Ra8 37. b5 f5 38. Rb1 Qb6 39. Bc5 Qc7 40. Qd1 d4 41. Bxd4 Rd8 42. Qb3+ Kh7 43. Bxg7 Kxg7 44. Qc3+ Kh7 45. b6 Qd6 46. c7 1-0